Star Wars Bounty Hunters - Statistics

General Stats
  • This quiz has been taken 53 times
  • The average score is 10 of 13
Answer Stats
Picture Answer % Correct
Boba Fett
100%
Jango Fett
98%
Cad Bane
91%
Bossk
89%
IG-88
85%
Asajj Ventress
83%
Mandalorian
74%
Dengar
67%
Aurra Sing
65%
Fennec Shand
65%
4-LOM
59%
Zuckuss
43%
Black Krrsantan
41%
No matching quizzes found
Score Distribution
Percent of People with Each Score
Percentile by Number Answered
Your Score History
You have not taken this quiz